| 000 | 00500nam a2200181Ia 4500 | ||
|---|---|---|---|
| 008 | 240925s9999 xx 000 0 und d | ||
| 020 | _a442017766 | ||
| 082 | _a006 VIR | ||
| 100 | _aLoeffer ,Eugene Carl | ||
| 245 | 4 | _aThe Virtual Reality Casebook | |
| 250 | _aNA | ||
| 260 |
_aNew York: _bVan Nostrand Rein Hold _c,1994. |
||
| 300 |
_axi,275p. _bNA _fPhotocopy |
||
| 500 | _aIncludes Index | ||
| 600 | _aComputer Science | ||
| 650 | _aComputer science, information & general works | ||
| 942 | _cBK | ||
| 999 |
_c4460 _d4460 |
||